<?xml version="1.0" encoding="UTF-8"?>
<record
    xmlns:xsi="http://www.w3.org/2001/XMLSchema-instance"
    xsi:schemaLocation="http://www.loc.gov/MARC21/slim http://www.loc.gov/standards/marcxml/schema/MARC21slim.xsd"
    xmlns="http://www.loc.gov/MARC21/slim">

  <leader>00331nam a2200133Ia 4500</leader>
  <controlfield tag="008">240624s9999    xx            000 0 und d</controlfield>
  <datafield tag="041" ind1=" " ind2=" ">
    <subfield code="a">eng</subfield>
  </datafield>
  <datafield tag="082" ind1=" " ind2=" ">
    <subfield code="a">658.827 AAK</subfield>
  </datafield>
  <datafield tag="100" ind1=" " ind2=" ">
    <subfield code="a">AAKER DAVID A</subfield>
  </datafield>
  <datafield tag="245" ind1=" " ind2=" ">
    <subfield code="a">BRAND LEADERSHIP</subfield>
  </datafield>
  <datafield tag="260" ind1=" " ind2=" ">
    <subfield code="c">2000</subfield>
    <subfield code="a">London</subfield>
    <subfield code="b">Free Press Business</subfield>
  </datafield>
  <datafield tag="300" ind1=" " ind2=" ">
    <subfield code="a">xii, : 351 : p. : cm. ; 23</subfield>
  </datafield>
  <datafield tag="365" ind1=" " ind2=" ">
    <subfield code="c"></subfield>
    <subfield code="b">20</subfield>
  </datafield>
  <datafield tag="999" ind1=" " ind2=" ">
    <subfield code="c">6887</subfield>
    <subfield code="d">6887</subfield>
  </datafield>
  <datafield tag="952" ind1=" " ind2=" ">
    <subfield code="0">0</subfield>
    <subfield code="1">4</subfield>
    <subfield code="4">0</subfield>
    <subfield code="7">0</subfield>
    <subfield code="a">IMTN</subfield>
    <subfield code="b">IMTN</subfield>
    <subfield code="c">Rack 37-A</subfield>
    <subfield code="d">2007-10-24</subfield>
    <subfield code="e">WBD</subfield>
    <subfield code="g">12.50</subfield>
    <subfield code="n">589</subfield>
    <subfield code="o">658.827 AAK</subfield>
    <subfield code="p">6887</subfield>
    <subfield code="r">2024-06-24 00:00:00</subfield>
    <subfield code="t">43.1</subfield>
    <subfield code="w">2024-06-24</subfield>
    <subfield code="y">BK</subfield>
  </datafield>
</record>
